000 00656nam a2200205Ia 4500
003 GCL
008 140319s9999 xx 000 0 ara d
040 _aGCL /
_cGCL
082 0 4 _a953.4
_bع م
100 1 _aعبدالفتاح حسن ابوعلية
245 1 0 _aمختارات من وثائق تاريخ عمان الحديث /
_cعبدالفتاح حسن ابوعلية
260 _a[S.N] :
_bدار المريخ للنشر ،
_c1984
300 _a256 ص
490 _a
650 0 4 _aالعصر الحديث
650 0 4 _aتاريخ
650 0 4 _aاستقلال البلاد العربية
650 0 4 _aسلطنة عمان
942 _2ddc
_cBK
999 _c53668
_d53668